| 000 | 00920nam a2200289Ia 4500 | ||
|---|---|---|---|
| 003 | OSt | ||
| 005 | 20220928114157.0 | ||
| 006 | a|||||r|||| 00| 0 | ||
| 007 | ta | ||
| 008 | 220927b |||||||| |||| 00| 0 eng d | ||
| 020 |
_a9781526496836 _cUKP 23.99 |
||
| 024 | _a146232 | ||
| 037 |
_b68, 20/12/2021, Classic Book Service _cTextual |
||
| 040 |
_aSDCL _cSDCL _beng |
||
| 041 |
_2eng _aeng |
||
| 082 | _aS:7, R1 | ||
| 100 |
_aSlater Alan M. Ed. _9437307 |
||
| 245 | 0 |
_aDevelopmental psychology _b Revisiting the classic studies |
|
| 250 | _a2nd | ||
| 260 |
_aNew Delhi _bSAGE Publications _c2021 |
||
| 300 |
_aviii,288p. _ccm. |
||
| 490 | _aPsychology : Revisiting the classic studies | ||
| 650 | _aPsychology | ||
| 700 |
_a Quinn Paul C. Ed. _9437308 |
||
| 942 |
_hS:7, R1 _cTEXL _2CC |
||
| 999 |
_c753261 _d753261 |
||